| 000 | 00502nam a2200193Ia 4500 | ||
|---|---|---|---|
| 008 | 180207s9999 xx 000 0 und d | ||
| 020 | _a978068984185x | ||
| 050 | _bL772 2001 | ||
| 100 | _aLissy, Jessica | ||
| 245 | _aBlue's thanksgiving feast / | ||
| 245 | _cby Jessica Lissy ; illustrated by David Cutting. | ||
| 260 | _aNew York : | ||
| 260 | _bSimon Spotlight, | ||
| 260 | _c2001 | ||
| 300 | _aunpaged : | ||
| 300 | _bcolor illustration ; | ||
| 300 | _c20cm. | ||
| 440 | _aBlue's clues. | ||
| 999 |
_c355575 _d355575 |
||